000 00539nam a2200169 4500
999 _c4557
_d4557
008 160916b xxu||||| |||| 00| 0 eng d
022 _a2094-8042
082 _aDPer 370.105 M72 Jan-Dec 2012 v. 60-61
100 _914661
_aAmbat, Conrado A.
243 _aThe modern teacher
245 _aPrayers in mathematics/
_cConrado A. Ambat.
260 _aPhilippines:
_bIn the Grade School, Inc.,
_c©2012.
300 _av61 n4, page 147;
_c28 cm.
500 _aThe Modern Teacher.
650 0 _914662
_aPhilippine poetry
942 _2ddc
_cPER